[Event "Benasque op 36th"]
[Site "Benasque"]
[Date "2016.07.12"]
[Round "6"]
[White "Mascaro March, Pedro"]
[Black "Ubilava, Elizbar"]
[Result "1-0"]
[WhiteElo "2395"]
[BlackElo "2482"]
[PlyCount "121"]
[EventDate "2016.07.07"]
[EventType "swiss"]
[EventRounds "10"]
[EventCountry "ESP"]
[SourceTitle "CBM 173 Extra"]
[Source "ChessBase"]
[SourceDate "2016.08.29"]
[SourceVersion "1"]
[SourceVersionDate "2016.08.29"]
[SourceQuality "1"]

1. d4 d6 2. Nf3 Nd7 3. c4 e5 4. Nc3 c6 5. e4 Ngf6 6. Be2 Be7 7. 0-0 0-0 8. Qc2 a6 9. d5 cxd5 10. Nxd5 Nxd5 11. cxd5 Nf6 12. Bd2 Bg4 13. Rac1 Rc8 14. Qb1 Qd7 15. Rce1 Bh5 16. h3 Bd8 17. b3 h6 18. Be3 Re8 19. Nd2 Bxe2 20. Rxe2 b5 21. Ree1 Qb7 22. Rc1 Bb6 23. Qd3 Nd7 24. Rfd1 Bc5 25. Nf1 Ba3 26. Rb1 Nc5 27. Bxc5 Bxc5 28. Ng3 g6 29. Rdc1 Bb4 30. Ne2 Kg7 31. Kf1 Re7 32. Rxc8 Qxc8 33. Rc1 Rc7 34. Rxc7 Qxc7 35. g4 Bc5 36. Qc2 Qd8 37. Kg2 Qg5 38. Qc1 Qh4 39. Ng3 Qf6 40. Qd2 Bd4 41. Nf1 Qd8 42. Qc2 h5 43. gxh5 gxh5 44. Ng3 Qg5 45. h4 Qg4 46. f3 Qg6 47. Qc8 Be3 48. Kh3 Kh7 49. Qd7 Bc5 50. Nf5 a5 51. Qe8 Qf6 52. Qxb5 Qd8 53. Qf1 Qg8 54. Qg2 Qg6 55. Ne7 Qxg2+ 56. Kxg2 Kg7 57. Kf1 Kf8 58. Nf5 Ke8 59. Ng7+ Kf8 60. Nxh5 Bb6 61. Ng3 1-0

[Event "Port de Pollenca"]
[Site "Port de Pollenca"]
[Date "2016.05.20"]
[Round "7"]
[White "Del Rio de Angelis, Salvador Gabriel"]
[Black "Mascaro March, Pedro"]
[Result "0-1"]
[WhiteElo "2541"]
[BlackElo "2385"]
[PlyCount "96"]
[EventDate "2016.05.16"]
[EventType "tourn"]
[EventRounds "9"]
[EventCountry "ESP"]
[EventCategory "6"]
[SourceTitle "CBM 172 Extra"]
[Source "ChessBase"]
[SourceDate "2016.06.21"]
[SourceVersion "1"]
[SourceVersionDate "2016.06.21"]
[SourceQuality "1"]

1. d4 Nf6 2. c4 e6 3. g3 d5 4. Nf3 dxc4 5. Qa4+ c6 6. Qxc4 b5 7. Qd3 Bb7 8. Bg2 Nbd7 9. 0-0 Be7 10. Nbd2 Qb6 11. a4 a6 12. Ng5 0-0 13. Nde4 Nxe4 14. Bxe4 h6 15. Nh3 c5 16. axb5 Bxe4 17. Qxe4 Qxb5 18. Rd1 Nf6 19. Qd3 cxd4 20. Nf4 e5 21. Ng2 Qxd3 22. Rxd3 Rfb8 23. Kf1 Nd7 24. e3 Nc5 25. Rd1 d3 26. e4 Rb4 27. Ra2 Rxe4 28. Be3 Rc8 29. Ne1 Rxe3 30. fxe3 e4 31. b4 Nd7 32. Nxd3 exd3 33. Rxd3 Ne5 34. Rd5 Ng4 35. Ke2 Rc3 36. Rd3 Rxd3 37. Kxd3 Bxb4 38. Rxa6 Nxh2 39. Ke4 Be1 40. Kf4 g5+ 41. Kf5 Kg7 42. g4 Bc3 43. Rc6 Ba1 44. Ra6 Bc3 45. Ra3 Bb4 46. Rb3 Bc5 47. Rc3 Bd6 48. e4 Bf4 0-1

[Event "Port de Pollenca"]
[Site "Port de Pollenca"]
[Date "2016.05.18"]
[Round "3"]
[White "Panelo Munoz, Marcelo A"]
[Black "Mascaro March, Pedro"]
[Result "1/2-1/2"]
[WhiteElo "2388"]
[BlackElo "2385"]
[PlyCount "23"]
[EventDate "2016.05.16"]
[EventType "tourn"]
[EventRounds "9"]
[EventCountry "ESP"]
[EventCategory "6"]
[SourceTitle "CBM 172 Extra"]
[Source "ChessBase"]
[SourceDate "2016.06.21"]
[SourceVersion "1"]
[SourceVersionDate "2016.06.21"]
[SourceQuality "1"]

1. d4 Nf6 2. c4 c6 3. Nc3 d5 4. cxd5 cxd5 5. Nf3 Nc6 6. Bf4 e6 7. e3 Bd6 8. Bxd6 Qxd6 9. Bd3 0-0 10. 0-0 a6 11. Rc1 Bd7 12. Qe2 1/2-1/2

[Event "Mallorca-chT Preferente"]
[Site "Mallorca"]
[Date "2016.03.13"]
[Round "6.1"]
[White "Alenyar Truyols, Bartolome"]
[Black "Mascaro March, Pedro"]
[Result "1/2-1/2"]
[WhiteElo "1754"]
[BlackElo "2396"]
[PlyCount "89"]
[EventDate "2016.03.01"]
[EventType "team-tourn"]
[EventRounds "9"]
[EventCountry "ESP"]
[SourceTitle "EXT 2024"]
[Source "ChessBase"]
[SourceDate "2023.10.10"]
[SourceVersion "1"]
[SourceVersionDate "2023.10.10"]
[SourceQuality "1"]
[WhiteTeam "Alcudia"]
[BlackTeam "Sa Creu Petra"]
[WhiteTeamCountry "ESP"]
[BlackTeamCountry "ESP"]

1. f4 d5 2. Nf3 c5 3. e3 e6 4. b3 Bd6 5. Bb2 f6 6. Bd3 Nh6 7. g4 e5 8. g5 Nf7 9. Bxh7 Bg4 10. Rg1 Qd7 11. h3 Bh5 12. gxf6 Rxh7 13. fxg7 Rxg7 14. Rxg7 Qxh3 15. Rg8+ Bf8 16. Kf2 e4 17. Bg7 Nd7 18. Bxf8 Nxf8 19. Rg3 Qc8 20. Nc3 Bxf3 21. Rxf3 exf3 22. Qxf3 Qe6 23. Nxd5 0-0-0 24. e4 Nd6 25. d3 Nb5 26. c3 Nc7 27. c4 Qf7 28. Rg1 Nfe6 29. f5 Nd4 30. Qf4 Nxd5 31. cxd5 Qh5 32. Qg4 Qh2+ 33. Rg2 Qd6 34. Qg3 Kc7 35. f6 Rf8 36. Qg7+ Kb6 37. e5 Qxe5 38. Qxf8 Qf4+ 39. Kg1 Nf3+ 40. Kf2 Nh4+ 41. Kg1 Qe3+ 42. Kh2 Nf3+ 43. Kg3 Ne1+ 44. Kh2 Nf3+ 45. Kg3 1/2-1/2

[Event "Mallorca-chT Preferente"]
[Site "Mallorca"]
[Date "2016.03.05"]
[Round "2.1"]
[White "Bergas Ferriol, Jeronimo"]
[Black "Mascaro March, Pedro"]
[Result "1/2-1/2"]
[WhiteElo "2003"]
[BlackElo "2396"]
[PlyCount "89"]
[EventDate "2016.03.01"]
[EventType "team-tourn"]
[EventRounds "9"]
[EventCountry "ESP"]
[SourceTitle "EXT 2024"]
[Source "ChessBase"]
[SourceDate "2023.10.10"]
[SourceVersion "1"]
[SourceVersionDate "2023.10.10"]
[SourceQuality "1"]
[WhiteTeam "Maria Salut"]
[BlackTeam "Sa Creu Petra"]
[WhiteTeamCountry "ESP"]
[BlackTeamCountry "ESP"]

1. e4 e5 2. Nc3 Nf6 3. g3 Nc6 4. Bg2 Bc5 5. h3 a6 6. Nge2 d6 7. d3 0-0 8. 0-0 Nd4 9. Nxd4 Bxd4 10. Ne2 Ba7 11. Kh2 d5 12. f4 exf4 13. gxf4 c6 14. Ng3 dxe4 15. dxe4 Qe7 16. Qe2 Rd8 17. a4 a5 18. Be3 Bxe3 19. Qxe3 Nd5 20. Qe2 Nb4 21. Rad1 Bd7 22. Rd2 f6 23. Bf3 Be6 24. Rfd1 Qc7 25. Qe3 Rxd2+ 26. Qxd2 Re8 27. Bg4 Bf7 28. Kg2 Qb6 29. Bf3 Na6 30. b3 Nc7 31. Nf5 Ne6 32. Kg3 Rd8 33. Qe3 Qc7 34. Rxd8+ Qxd8 35. e5 g5 36. fxg5 fxg5 37. Nd6 Nf4 38. Bg4 h5 39. Bf5 h4+ 40. Kh2 Qe7 41. Bd3 Bd5 42. Nf5 Qf8 43. Nd4 Kh8 44. e6 Qh6 45. Kg1 1/2-1/2

[Event "Barcelona Sants op 17th"]
[Site "Barcelona"]
[Date "2015.08.29"]
[Round "9"]
[White "Bachmann, Axel"]
[Black "Mascaro March, Pedro"]
[Result "1-0"]
[WhiteElo "2623"]
[BlackElo "2414"]
[PlyCount "103"]
[EventDate "2015.08.21"]
[EventType "swiss"]
[EventRounds "10"]
[EventCountry "ESP"]
[SourceTitle "EXT 2016"]
[Source "ChessBase"]
[SourceDate "2015.10.08"]
[SourceVersion "1"]
[SourceVersionDate "2015.10.08"]
[SourceQuality "1"]

1. d4 Nf6 2. c4 e6 3. Nf3 Bb4+ 4. Bd2 Qe7 5. Nc3 0-0 6. g3 Nc6 7. Bg2 d6 8. 0-0 Bxc3 9. Bxc3 e5 10. d5 Nb8 11. Nh4 g5 12. Nf3 Ne4 13. Rc1 Nd7 14. Be1 a5 15. Nd2 Nec5 16. f4 f6 17. b3 Nb6 18. fxg5 fxg5 19. Rxf8+ Qxf8 20. Bf2 Bf5 21. a3 Nbd7 22. b4 Na6 23. Qb3 b6 24. Be3 Qe7 25. Rf1 Bg6 26. Bh3 h6 27. Qc3 Kg7 28. Bg2 Nf6 29. h3 Nb8 30. c5 axb4 31. axb4 bxc5 32. bxc5 Bf7 33. Qc4 Nbd7 34. c6 Nf8 35. Bf2 Ng6 36. e4 Qd8 37. Qc3 Ra4 38. Rb1 Ne7 39. Rb7 Bg6 40. Qb3 Ra1+ 41. Kh2 Ra8 42. Ba7 Nc8 43. Rb8 Rxb8 44. Qxb8 Kf8 45. Qa8 Ke7 46. Bb8 Nb6 47. Qb7 Ne8 48. Bf3 h5 49. Ba7 Nc8 50. Be3 Kf8 51. Qb8 Kg7 52. Be2 1-0

[Event "Barcelona Sants op 17th"]
[Site "Barcelona"]
[Date "2015.08.28"]
[Round "8"]
[White "Mascaro March, Pedro"]
[Black "Schnelzer, Reinhold"]
[Result "1-0"]
[WhiteElo "2414"]
[BlackElo "2230"]
[PlyCount "65"]
[EventDate "2015.08.21"]
[EventType "swiss"]
[EventRounds "10"]
[EventCountry "ESP"]
[SourceTitle "EXT 2016"]
[Source "ChessBase"]
[SourceDate "2015.10.08"]
[SourceVersion "1"]
[SourceVersionDate "2015.10.08"]
[SourceQuality "1"]

1. d4 Nf6 2. Nf3 e6 3. c4 Bb4+ 4. Nbd2 b6 5. a3 Bxd2+ 6. Bxd2 Bb7 7. Bg5 d6 8. e3 Nbd7 9. Bd3 h6 10. Bh4 g5 11. Bg3 h5 12. h4 g4 13. Nd2 Bxg2 14. Rg1 Bb7 15. Qa4 Qe7 16. 0-0-0 e5 17. Bf5 Kf8 18. Rdf1 a6 19. Qb3 Re8 20. f3 Rg8 21. d5 Nc5 22. Qc2 gxf3 23. b4 Ncd7 24. Nxf3 Bc8 25. Ng5 Rg7 26. Rg2 Kg8 27. Be1 Nf8 28. Bxc8 Rxc8 29. Qf5 N8d7 30. Rfg1 Ng4 31. Ne4 Rf8 32. Bd2 f6 33. Ng3 1-0

[Event "Palma de Mallorca Amic op 1st"]
[Site "Palma de Mallorca"]
[Date "2015.03.24"]
[Round "3"]
[White "Lacrosse, Marc"]
[Black "Mascaro March, Pedro"]
[Result "0-1"]
[WhiteElo "2136"]
[BlackElo "2416"]
[PlyCount "66"]
[EventDate "2015.03.22"]
[EventType "swiss"]
[EventRounds "9"]
[EventCountry "ESP"]
[SourceTitle "CBM 165 Extra"]
[Source "ChessBase"]
[SourceDate "2015.04.21"]
[SourceVersion "1"]
[SourceVersionDate "2015.04.21"]
[SourceQuality "1"]

1. d4 Nf6 2. c4 e6 3. Nf3 c5 4. d5 exd5 5. cxd5 Bd6 6. Nc3 Bc7 7. g3 d6 8. Bg2 0-0 9. 0-0 Nbd7 10. e4 Re8 11. Qe2 a6 12. a4 Rb8 13. Re1 Nf8 14. h3 Ng6 15. Bd2 b5 16. axb5 axb5 17. b3 Bd7 18. Rad1 Ba5 19. Nb1 Rc8 20. Bf1 h6 21. Bxa5 Qxa5 22. Qd2 Qb6 23. Qc2 Qa5 24. Qd2 Ra8 25. Qxa5 Rxa5 26. Nbd2 Ra2 27. Kg2 h5 28. Bd3 h4 29. Ra1 Rea8 30. Rxa2 Rxa2 31. Re2 hxg3 32. fxg3 Kf8 33. Bb1 Rb2 0-1